| 000 | 01294nam a22002057a 4500 | ||
|---|---|---|---|
| 003 | NALT | ||
| 005 | 20210325193121.0 | ||
| 008 | s2550 th o tha d | ||
| 040 | _aNALT | ||
| 086 | _aพก 13 1.1 2545 | ||
| 110 | 2 |
_aพรรคเสรีประชาธิปไตย. _950298 _bสำนักงานเลขาธิการพรรคเสรีประชาธิปไตย |
|
| 245 | 1 | 0 |
_aข้อมูลและประวัติพรรคเสรีประชาธิปไตยตั้งแต่อดีต-ปัจจุบัน / _cสำนักงานเลขาธิการพรรคเสรีประชาธิปไตย. |
| 260 |
_aกรุงเทพฯ : _bสำนักงานเลขาธิการพรรคเสรีประชาธิปไตย, _c2545. |
||
| 300 |
_a166 หน้า : _bภาพประกอบ ; _c29 ซม. |
||
| 610 | 2 | 4 |
_aพรรคเสรีประชาธิปไตย _950299 _xนโยบาย |
| 610 | 2 | 4 |
_aพรรคเสรีประชาธิปไตย _950300 _xประวัติ |
| 850 | _aNALT | ||
| 942 |
_cGOV _2local |
||
| 998 |
_bSUCHANAN CHOUI-KERD _cDAO _j1020 _k จำเรียง ระวังสำโรง |
||
| 999 |
_c38367 _d38367 |
||